Advances in agronomy. V. 90. 2006 (Record no. 42569)

MARC details
000 -LEADER
fixed length control field 00383nam a2200145Ia 4500
020 ## - INTERNATIONAL STANDARD BOOK NUMBER
ISBN 139780120008087
082 ## - DEWEY DECIMAL CLASSIFICATION NUMBER
Classification number 631/635
Item number ADV.90
100 ## - MAIN ENTRY--AUTHOR NAME
Personal name Sparks, Donald L
245 #0 - TITLE STATEMENT
Title Advances in agronomy. V. 90. 2006
260 ## - PUBLICATION, DISTRIBUTION, ETC. (IMPRINT)
Place of publication Amsterdam
Name of publisher Elsevier
Year of publication 2006
650 ## - SUBJECT ADDED ENTRY--TOPICAL TERM
Topical Term Crop water management
650 ## - SUBJECT ADDED ENTRY--TOPICAL TERM
Topical Term Seed priming
942 ## - ADDED ENTRY ELEMENTS (KOHA)
Koha item type Books
Holdings
Withdrawn status Lost status Damaged status Not for loan Home library Current library Date acquired Cost, normal purchase price Full call number Accession Number Koha item type
        RRII Library RRII Library 16/12/2021 139.00 631/635 ADV.90 22839 Books